000
00323nam a22001337a 4500
008
170808b xxu||||| |||| 00| 0 eng d
020
_a
0829902473
041
_a
eng
080
_a
004
100
_a
34
101
_a
SHK
245
_a
COMPUTERS AND DATA PROCESSING CONCEPTS AND APPLICATIONS
_c
MANDELL,S.L
942
_2
udc
_c
BK
999
_c
22883
_d
22883